=LDR 00000nam 2200000 4500 =001 INLIS000000000051825 =990 ##$$a 21707047 =005 20201111084007 =990 ##$$a 21707050 =035 ##$$a 0010-0118000013 =990 ##$$a 21707049 =007 ta =990 ##$$a 21707048 =008 201111################g##########0#ind## =990 ##$$a 21707046 =020 ##$$a 978 - 979 - 769 -970 - 3 =082 ##$$a 302.2 =084 ##$$a 302.2 NUR i =100 #$$a Nurudin =245 1#$$a Ilmu komunikasi : $b Ilmiah dan populer /$c Nurudin =260 ##$$a Jakarta :$b Raja Garafindo Persada,$c 2016 =300 ##$$a xiv,268 hlm : $b Ilus ; $c 20 x 13 cm. =500 ##$$a Indeks ; hlm. 261 - 265 =650 #4$$a Komunikasi =504 ##$$a Bibliografi ; hlm. 257 - 260 =250 ##$$a Cet. 1 =520 ##$$a Biografi : hlm.267-268 =990 ##$$a 21707050 =990 ##$$a 21707049 =990 ##$$a 21707048 =990 ##$$a 21707047 =990 ##$$a 21707046 =990 ##$$a 21707050 =990 ##$$a 21707049 =990 ##$$a 21707048 =990 ##$$a 21707047 =990 ##$$a 21707046 =990 ##$$a 21707050 =990 ##$$a 21707049 =990 ##$$a 21707048 =990 ##$$a 21707047 =990 ##$$a 21707046